| 000 | 00000nam 22000008a 4500 |
| 001 | 9.837678 |
| 003 | CaOODSP |
| 005 | 20221107151209 |
| 007 | cr ||||||||||| |
| 008 | 170605s1991 onc |||#o f000 0 fre d |
| 040 | |aCaOODSP|bfre |
| 043 | |an-cn--- |
| 086 | 1 |aNH15-601/1991F-PDF |
| 245 | 00|aActivités de la SCHL dans le domaine de la qualité de l'air des habitations |h[ressource électronique]. |
| 260 | |a[Ottawa] : |bSociété canadienne d'hypothèques et de logement, |c1991. |
| 300 | |a20 p. |
| 500 | |a« Juillet 1991 ». |
| 500 | |aPublié aussi en anglais sous le titre : What CMHC has been doing about indoor air quality. |
| 500 | |aÉdition numérisée de l'imprimée en 2016 [par Société canadienne d'hypothèques et de logement]. |
| 504 | |aComprend des réf. bibliogr. |
| 520 | 0 |a« La Société canadienne d'hypothèques et de logement, I'agence fédérale de I'habitation, a été I'un des premiers organismes à envisager sérieusement la question de la qualité de I'air des habitations. La recherche qu'elle a effectuée est d'ailleurs reconnue à I'écheile internationale. Dans la présente brochure, la SCHL décrit les études qu'elle a conduites sur les problèmes de qualité de I'air des habitations, propose des solutions et oriente le lecteur vers d'autres sources d'information »--Introd., p. 1-2. |
| 692 | 07|2gccst|aQualité de l'air |
| 710 | 2 |aSociété canadienne d'hypothèques et de logement. |
| 775 | 08|tWhat CMHC has been doing about indoor air quality |w(CaOODSP)9.837664 |
| 856 | 40|qPDF|s434 Ko|uhttps://publications.gc.ca/collections/collection_2017/schl-cmhc/NH15-601-1991-fra.pdf |